La responsabilidad del contador público frente a la ley de procedimientos tributarios en su modalidad culposa (Registro nro. 19693)
[ vista simple ]
| 000 -LEADER | |
|---|---|
| fixed length control field | 00390 a2200109 4500 |
| 001 - CONTROL NUMBER | |
| control field | ART_38002 |
| 005 - DATE AND TIME OF LATEST TRANSACTION | |
| control field | 20260410161751.0 |
| 008 - FIXED-LENGTH DATA ELEMENTS--GENERAL INFORMATION | |
| fixed length control field | 260409a |
| 100 1# - MAIN ENTRY--PERSONAL NAME | |
| Personal name | Sequeira, Marcos A. |
| 245 10 - TITLE STATEMENT | |
| Title | La responsabilidad del contador público frente a la ley de procedimientos tributarios en su modalidad culposa |
| 773 0# - HOST ITEM ENTRY | |
| Title | Doctrina tributaria |
| Related parts | - Nº 419 (feb. 2015) |
| Record control number | REV4296 |
No hay ítems disponibles.